000 00511nam a2200169Ia 4500
008 220216s9999 xx 000 0 und d
100 _aSuyama Y
245 0 _aAssignment of RFLP linkage groups to their respective chromosomes in aneuploids of sugi cryptomeria japonica
260 _bTheoretical and Applied Genetics
_c1996
300 _a292-296
650 _aChromosome trisomics
650 _aCryptomeria japonica
650 _aRFLP linkage map
700 _aKondo T
700 _aMukai Y
942 _cJS
999 _c54564
_d54564